Hay un lémur en el tendedero! / (Record no. 16153)

MARC details
000 -LEADER
fixed length control field 02730cam a2200589 i 4500
001 - CONTROL NUMBER
control field 891253
003 - CONTROL NUMBER IDENTIFIER
control field IFA
005 - DATE AND TIME OF LATEST TRANSACTION
control field 20161013161709.0
008 - FIXED-LENGTH DATA ELEMENTS--GENERAL INFORMATION
fixed length control field 160503s2015 sp a j 000 1 spa d
020 ## - INTERNATIONAL STANDARD BOOK NUMBER
International Standard Book Number 9788498259827
020 ## - INTERNATIONAL STANDARD BOOK NUMBER
International Standard Book Number 8498259827
035 ## - SYSTEM CONTROL NUMBER
System control number (OCoLC)948625569
Canceled/invalid control number (OCoLC)928134376
035 ## - SYSTEM CONTROL NUMBER
System control number 831859
035 ## - SYSTEM CONTROL NUMBER
System control number (OCoLC)ocn948625569
035 ## - SYSTEM CONTROL NUMBER
System control number 831859
040 ## - CATALOGING SOURCE
Original cataloging agency DPL
Language of cataloging eng
Description conventions rda
Transcribing agency DPL
Modifying agency OCLCO
-- NYP
-- OCLCF
-- BTCTA
-- BDX
-- T7L
-- OCL
-- IFA
041 1# - LANGUAGE CODE
Language code of text/sound track or separate title spa
Language code of original eng
049 ## - LOCAL HOLDINGS (OCLC)
Holding library IFAA
099 ## - LOCAL FREE-TEXT CALL NUMBER (OCLC)
Filing suffix 2015
999 ## - SYSTEM CONTROL NUMBERS (KOHA)
Koha Dewey Subclass [OBSOLETE] ESPANOL BOARD BOOKS LODGE 2015
100 1# - MAIN ENTRY--PERSONAL NAME
Personal name Lodge, Jo,
Relator term author,
-- illustrator.
240 10 - UNIFORM TITLE
Uniform title <a href="There's a lemur in my laundry.">There's a lemur in my laundry.</a>
Language of a work Spanish
245 10 - TITLE STATEMENT
Title Hay un lémur en el tendedero! /
Statement of responsibility, etc. Jo Lodge.
250 ## - EDITION STATEMENT
Edition statement Primera edición.
260 ## - PUBLICATION, DISTRIBUTION, ETC. (IMPRINT)
Place of publication, distribution, etc. Barcelona :
Name of publisher, distributor, etc. Combel,
Date of publication, distribution, etc. 2015.
264 #1 - PRODUCTION, PUBLICATION, DISTRIBUTION, MANUFACTURE, AND COPYRIGHT NOTICE
Place of production, publication, distribution, manufacture Barcelona :
Name of producer, publisher, distributor, manufacturer Combel,
Date of production, publication, distribution, manufacture, or copyright notice 2015.
300 ## - PHYSICAL DESCRIPTION
Extent 1 volume (unpaged) :
Other physical details colour illustrations ;
Dimensions 17 cm
336 ## - CONTENT TYPE
Content type term text
Content type code txt
Source rdacontent
336 ## - CONTENT TYPE
Content type term still image
Content type code sti
Source rdacontent
337 ## - MEDIA TYPE
Media type term unmediated
Media type code n
Source rdamedia
338 ## - CARRIER TYPE
Carrier type term volume
Carrier type code nc
Source rdacarrier
500 ## - GENERAL NOTE
General note Cover title.
500 ## - GENERAL NOTE
General note "�Un libro que crece!"--Cover.
500 ## - GENERAL NOTE
General note On board pages.
520 ## - SUMMARY, ETC.
Summary, etc. "No me lo puedo creer... �Un montón de animales extraños han entrado en mi casa!"--Back cover.
650 #0 - SUBJECT ADDED ENTRY--TOPICAL TERM
Topical term or geographic name as entry element Animals
Form subdivision Juvenile fiction.
650 #0 - SUBJECT ADDED ENTRY--TOPICAL TERM
Topical term or geographic name as entry element Toy and movable books.
650 #0 - SUBJECT ADDED ENTRY--TOPICAL TERM
Topical term or geographic name as entry element Spanish language materials.
650 #7 - SUBJECT ADDED ENTRY--TOPICAL TERM
Topical term or geographic name as entry element Lavandería
Form subdivision Novela juvenil.
Source of heading or term bidex
650 #7 - SUBJECT ADDED ENTRY--TOPICAL TERM
Topical term or geographic name as entry element Animales
Form subdivision Novela juvenil.
Source of heading or term bidex
650 #7 - SUBJECT ADDED ENTRY--TOPICAL TERM
Topical term or geographic name as entry element Libros de juguete y móviles.
Source of heading or term bidex
650 #7 - SUBJECT ADDED ENTRY--TOPICAL TERM
Topical term or geographic name as entry element Libros de cartón.
Source of heading or term local
655 #0 - INDEX TERM--GENRE/FORM
Genre/form data or focus term Board books.
942 ## - ADDED ENTRY ELEMENTS (KOHA)
Koha item type Libro/Book
Holdings
Withdrawn status Lost status Source of classification or shelving scheme Damaged status Not for loan Home library Current library Shelving location Date acquired Total Checkouts Full call number Barcode Date last seen Date checked out Price effective from Koha item type
    Dewey Decimal Classification     San Juan Del Sur -- Biblioteca San Juan Del Sur -- Biblioteca Children's Area 18/08/2016 2 EB Lod 30024202 15/03/2017 16/02/2017 18/08/2016 Libro/Book

Powered by Koha